[Event "?"]
[Site "?"]
[Date "????.??.??"]
[Round "?"]
[White "Müller, L."]
[Black "Limberg, S."]
[Result "1-0"]
[WhiteElo "2082"]
[BlackElo "2152"]
[PlyCount "95"]
[EventDate "2010.??.??"]
[WhiteTeam "Rheno Palatinat"]
[BlackTeam "Hessen 2"]

1. d4 Nf6 2. Nf3 e6 3. e3 b6 4. Bd3 Bb7 5. Nbd2 Be7 6. O-O c5 7. a3 d6 8. b3
Nbd7 9. Bb2 Qc7 10. c4 O-O 11. Rc1 Rfe8 12. Qe2 e5 13. d5 Nf8 14. Kh1 Bc8 15.
h3 Ng6 16. Rg1 Bd8 17. Nh2 Bd7 18. f3 Rf8 19. g4 Ne8 20. Bf5 Nh4 21. Qd3 g6 22.
Bxd7 Qxd7 23. e4 Bg5 24. Rcf1 Qe7 25. Bc1 h6 26. Nb1 Bxc1 27. Rxc1 g5 28. Nf1
Qf6 29. Rc3 Ng6 30. Ng3 Ng7 31. Nd2 Rfb8 32. Nf5 Nxf5 33. exf5 Nf4 34. Qc2 Qd8
35. Ne4 f6 36. Kh2 Kf7 37. Rb1 Ke7 38. b4 Qh8 39. bxc5 bxc5 40. Rcb3 Qc8 41.
Qb2 Rxb3 42. Qxb3 Qd7 43. Qb7 Rd8 44. Qc6 Qxc6 45. dxc6 d5 46. Rb7+ Kf8 47. c7
Rc8 48. Rb8 1-0

[Event "?"]
[Site "?"]
[Date "????.??.??"]
[Round "?"]
[White "Thieme, H."]
[Black "Schwertel, J."]
[Result "1-0"]
[WhiteElo "2128"]
[BlackElo "1990"]
[PlyCount "83"]
[EventDate "2010.??.??"]
[WhiteTeam "Hessen 2"]
[BlackTeam "Rheno Palatinat"]

1. e4 d6 2. d4 g6 3. Bg5 Bg7 4. c3 c6 5. Nd2 Qc7 6. Ngf3 Nd7 7. Bc4 Ngf6 8. a4
O-O 9. a5 e5 10. dxe5 Nxe5 11. Nxe5 dxe5 12. h3 Rb8 13. Qf3 Qe7 14. O-O Be6 15.
Be3 a6 16. Rfd1 Nd7 17. Qe2 Rfd8 18. f3 Rbc8 19. Bxe6 Qxe6 20. Qc4 Qe7 21. Qb3
Nf8 22. Bb6 Rd7 23. Nc4 Rxd1+ 24. Rxd1 Nd7 25. Be3 Nc5 26. Qb4 Bf8 27. Nd6 Rd8
28. Bxc5 Qe6 29. b3 Rd7 30. c4 Be7 31. Kf1 h5 32. Ke2 g5 33. Nf5 Bd8 34. Rxd7
Qxd7 35. Be7 g4 36. Bxd8 gxf3+ 37. gxf3 Qxd8 38. Qd2 Qf6 39. Qh6 Qxh6 40. Nxh6+
Kg7 41. Nf5+ Kf6 42. Nd6 1-0

[Event "?"]
[Site "?"]
[Date "????.??.??"]
[Round "?"]
[White "Goldberg, V."]
[Black "Krebs, D."]
[Result "0-1"]
[WhiteElo "2141"]
[BlackElo "2123"]
[PlyCount "118"]
[EventDate "2010.??.??"]
[WhiteTeam "BSW Lok Dresden"]
[BlackTeam "Mattadore Rheinld"]

1. e4 c5 2. Nf3 d6 3. d4 cxd4 4. Nxd4 Nf6 5. Nc3 a6 6. Be2 e5 7. Nb3 Be7 8. Bg5
Be6 9. Bxf6 Bxf6 10. Qd3 Qc7 11. O-O-O Be7 12. Nd5 Bxd5 13. exd5 Nd7 14. Kb1
O-O 15. g4 Bg5 16. h4 Bf4 17. Qe4 Rac8 18. Bd3 g6 19. Qg2 a5 20. a3 a4 21. Nc1
Nc5 22. f3 Bxc1 23. Kxc1 Nxd3+ 24. Rxd3 Qc4 25. Kb1 Rc5 26. Rhd1 Rfc8 27. Rc3
Qf4 28. Rxc5 Rxc5 29. h5 b5 30. hxg6 fxg6 31. Rd3 b4 32. axb4 Qxb4 33. Qd2 Qxd2
34. Rxd2 Kg7 35. g5 h6 36. gxh6+ Kxh6 37. Ka2 Kg5 38. b4 axb3+ 39. Kxb3 Kf4 40.
Rd3 g5 41. c4 Rc8 42. Kb4 Rb8+ 43. Kc3 e4 44. fxe4 Kxe4 45. Rd1 g4 46. Re1+ Kf3
47. Re6 Rd8 48. Rf6+ Ke4 49. Re6+ Kf5 50. Kd4 g3 51. Re1 g2 52. c5 dxc5+ 53.
Kxc5 Rg8 54. Rg1 Ke5 55. d6 Ke6 56. Kc6 Rc8+ 57. Kb5 Rc2 58. Kb4 Kxd6 59. Kb3
Rf2 0-1

[Event "?"]
[Site "?"]
[Date "????.??.??"]
[Round "?"]
[White "Neumann, H."]
[Black "Eskandary, J."]
[Result "0-1"]
[WhiteElo "1982"]
[BlackElo "2139"]
[PlyCount "60"]
[EventDate "2010.??.??"]
[WhiteTeam "Mattadore Rheinld"]
[BlackTeam "BSW Lok Dresden"]

1. d4 d6 2. e4 Nd7 3. Nf3 c6 4. Bc4 d5 5. exd5 Nb6 6. Bd3 Nxd5 7. a3 Bg4 8. c4
Nb6 9. Be3 e6 10. Nc3 Ne7 11. h3 Bf5 12. Be2 h6 13. g4 Bh7 14. a4 a5 15. Qb3
Nd7 16. Rd1 Nf6 17. d5 exd5 18. cxd5 Nexd5 19. g5 hxg5 20. Nxg5 Bb4 21. O-O Qe7
22. Bd4 O-O 23. Nxh7 Kxh7 24. Bf3 Rad8 25. Rfe1 Qc7 26. Be5 Qc8 27. Nxd5 Nxd5
28. Bxd5 Rxd5 29. Qf3 f6 30. Bc3 Rg5+ 0-1

[Event "?"]
[Site "?"]
[Date "????.??.??"]
[Round "?"]
[White "Schwier, M."]
[Black "Paulsen, E."]
[Result "1-0"]
[WhiteElo "2165"]
[BlackElo "1868"]
[PlyCount "81"]
[EventDate "2010.??.??"]
[WhiteTeam "BSW Lok Dresden"]
[BlackTeam "Mattadore Rheinld"]

1. e4 c5 2. Nf3 e6 3. d4 cxd4 4. Nxd4 a6 5. Be3 Nf6 6. Bd3 d6 7. O-O b6 8. c3
Bb7 9. f3 Nbd7 10. Nd2 Be7 11. Re1 O-O 12. Bf2 Qc7 13. Rc1 Rac8 14. b4 Qb8 15.
Qb3 Rfe8 16. c4 Ne5 17. Bb1 Nfd7 18. Bg3 Nc6 19. Nxc6 Bxc6 20. a3 Red8 21. Nf1
Qa7 22. Ne3 Nf6 23. Bf2 Qb8 24. g4 h6 25. Bg3 Qb7 26. Qc2 g6 27. Qb2 Nh7 28. h4
Bf6 29. Qh2 Be7 30. Rcd1 d5 31. exd5 exd5 32. cxd5 Bxd5 33. Nxd5 Rxd5 34. Be4
Rcd8 35. Rxd5 Rxd5 36. Bxd5 Qxd5 37. Rxe7 Qd1+ 38. Be1 Qxf3 39. Qg3 Qd5 40.
Qb8+ Nf8 41. Qe5 1-0

[Event "?"]
[Site "?"]
[Date "????.??.??"]
[Round "?"]
[White "James, G."]
[Black "Salov, S."]
[Result "1/2-1/2"]
[WhiteElo "2203"]
[BlackElo "2276"]
[PlyCount "48"]
[EventDate "2010.??.??"]
[WhiteTeam "England 1"]
[BlackTeam "Schleswig-Holstein"]

1. Nf3 c5 2. c4 Nc6 3. Nc3 e5 4. g3 g6 5. Bg2 Bg7 6. d3 Nge7 7. O-O d6 8. a3
O-O 9. Rb1 a5 10. Bd2 h6 11. Ne1 Be6 12. Nd5 Rb8 13. Nxe7+ Qxe7 14. Bxc6 bxc6
15. Bxa5 Bh3 16. Ng2 f5 17. b4 cxb4 18. axb4 f4 19. f3 d5 20. cxd5 cxd5 21. Qb3
Be6 22. Rfc1 Qa7+ 23. Kf1 fxg3 24. hxg3 Rfc8 1/2-1/2

[Event "?"]
[Site "?"]
[Date "????.??.??"]
[Round "?"]
[White "Böttcher, U."]
[Black "Norman, K."]
[Result "1/2-1/2"]
[WhiteElo "2063"]
[BlackElo "2172"]
[PlyCount "29"]
[EventDate "2010.??.??"]
[WhiteTeam "Schleswig-Holstein"]
[BlackTeam "England 1"]

1. c4 g6 2. Nc3 Bg7 3. g3 Nf6 4. Bg2 O-O 5. e4 d6 6. Nge2 c6 7. O-O a6 8. d4 b5
9. b3 bxc4 10. bxc4 e5 11. dxe5 dxe5 12. Qc2 Be6 13. Na4 Nbd7 14. Ba3 Re8 15.
Rfd1 1/2-1/2

[Event "?"]
[Site "?"]
[Date "????.??.??"]
[Round "?"]
[White "Scholes, J."]
[Black "Felser, F."]
[Result "1/2-1/2"]
[WhiteElo "2115"]
[BlackElo "2072"]
[PlyCount "37"]
[EventDate "2010.??.??"]
[WhiteTeam "England 1"]
[BlackTeam "Schleswig-Holstein"]

1. c4 e5 2. Nc3 Nf6 3. g3 Bb4 4. Bg2 O-O 5. e4 Bxc3 6. dxc3 d6 7. h3 Nbd7 8.
Ne2 Re8 9. g4 Nf8 10. Be3 Ng6 11. Qd2 Nh4 12. Rg1 Nxg2+ 13. Rxg2 Nxe4 14. Qc2
Ng5 15. O-O-O Bd7 16. Rg3 Bc6 17. h4 Ne6 18. Rh3 Qf6 19. g5 1/2-1/2

[Event "?"]
[Site "?"]
[Date "????.??.??"]
[Round "?"]
[White "Schmidt, M."]
[Black "Rooze, J."]
[Result "0-1"]
[WhiteElo "2128"]
[BlackElo "2271"]
[PlyCount "66"]
[EventDate "2010.??.??"]
[WhiteTeam "Dresden-Striesen"]
[BlackTeam "Belgien"]
[BlackTeamCountry "BEL"]

1. d4 Nf6 2. Nf3 c5 3. e3 e6 4. Bd3 b6 5. Qe2 Bb7 6. Nbd2 Nc6 7. a3 Be7 8. b3
Rc8 9. Bb2 cxd4 10. exd4 Nd5 11. g3 O-O 12. O-O Nf6 13. Rfe1 Rc7 14. Qf1 Nb8
15. Qh3 h6 16. c4 d5 17. g4 Nh7 18. Ne5 Nd7 19. f4 Nxe5 20. fxe5 Ng5 21. Qe3
dxc4 22. bxc4 b5 23. c5 Qd5 24. Ne4 f5 25. exf6 Rxf6 26. Qg3 Rf3 27. Qxc7 Rxd3
28. c6 Bxc6 29. Rac1 Nf3+ 30. Kh1 Rd2 31. Rxc6 Qxc6 32. Qb8+ Kh7 33. d5 Qxd5
0-1

[Event "?"]
[Site "?"]
[Date "????.??.??"]
[Round "?"]
[White "Van Herck, M."]
[Black "Deppe, C."]
[Result "1/2-1/2"]
[WhiteElo "2156"]
[BlackElo "1931"]
[PlyCount "40"]
[EventDate "2010.??.??"]
[WhiteTeam "Belgien"]
[BlackTeam "Dresden-Striesen"]
[WhiteTeamCountry "BEL"]

1. e4 c5 2. Nf3 e6 3. d4 cxd4 4. Nxd4 Nf6 5. Bd3 Nc6 6. Nxc6 dxc6 7. O-O e5 8.
Bg5 Be7 9. Nd2 O-O 10. Nc4 Nd7 11. Bd2 Qc7 12. Qh5 b5 13. Ba5 Qb8 14. Ne3 Nf6
15. Qe2 g6 16. a3 a6 17. c4 Be6 18. Bc3 b4 19. axb4 Bxb4 20. Rfc1 Nd7 1/2-1/2

[Event "?"]
[Site "?"]
[Date "????.??.??"]
[Round "?"]
[White "Barz, H."]
[Black "Maes, V."]
[Result "0-1"]
[WhiteElo "2030"]
[BlackElo "2163"]
[PlyCount "41"]
[EventDate "2010.??.??"]
[WhiteTeam "Dresden-Striesen"]
[BlackTeam "Belgien"]
[BlackTeamCountry "BEL"]

1. e4 e6 2. d4 d5 3. Nc3 Nc6 4. Nf3 Nf6 5. Bg5 Be7 6. Bxf6 Bxf6 7. e5 Be7 8.
Ne2 f6 9. Nf4 O-O 10. Nd3 fxe5 11. dxe5 Bd7 12. Be2 Na5 13. O-O c5 14. c3 Nc6
15. b3 b5 16. c4 dxc4 17. bxc4 b4 18. Nd2 Nd4 19. f4 Bc6 20. Ne1 Nxe2+ 21. Qxe2
0-1

[Event "?"]
[Site "?"]
[Date "????.??.??"]
[Round "?"]
[White "Hajenius, W."]
[Black "Groschup, G."]
[Result "1/2-1/2"]
[WhiteElo "2043"]
[BlackElo "1992"]
[PlyCount "56"]
[EventDate "2010.??.??"]
[WhiteTeam "Belgien"]
[BlackTeam "Dresden-Striesen"]
[WhiteTeamCountry "BEL"]

1. d4 d5 2. c4 e6 3. cxd5 exd5 4. Nc3 Nf6 5. Nf3 c6 6. Bf4 Bf5 7. e3 Be7 8. Bd3
Bxd3 9. Qxd3 O-O 10. O-O Nbd7 11. Rab1 a5 12. b3 Re8 13. Rfc1 Ba3 14. Rc2 Ne4
15. Ne5 Bb4 16. Nxe4 dxe4 17. Qc4 Nxe5 18. Bxe5 Qd7 19. Bg3 Rad8 20. Bh4 Rc8
21. Bg3 Kh8 22. Qe2 Qf5 23. Rf1 c5 24. dxc5 Rxc5 25. Rxc5 Qxc5 26. Rd1 Qc6 27.
h3 h6 28. Kh2 Qe6 1/2-1/2

[Event "?"]
[Site "?"]
[Date "????.??.??"]
[Round "?"]
[White "Schmidt, G."]
[Black "Ingvason, S."]
[Result "1-0"]
[WhiteElo "2241"]
[BlackElo "2048"]
[PlyCount "49"]
[EventDate "2010.??.??"]
[WhiteTeam "USV TU Dresden"]
[BlackTeam "Schweden 3"]

1. d4 Nf6 2. Nf3 c5 3. e3 g6 4. c4 Bg7 5. Nc3 O-O 6. Be2 Na6 7. O-O d6 8. h3
Bf5 9. b3 e5 10. Bb2 Re8 11. dxe5 dxe5 12. Nb5 Ne4 13. Qxd8 Raxd8 14. Rfd1
Rxd1+ 15. Rxd1 f6 16. Nxa7 Nb4 17. a3 Ra8 18. Nb5 Nc6 19. g4 Bc8 20. Bd3 Ng5
21. Nxg5 fxg5 22. Be4 h5 23. Bxc6 bxc6 24. Rd8+ Kh7 25. Nd6 1-0

[Event "?"]
[Site "?"]
[Date "????.??.??"]
[Round "?"]
[White "Petzold, H."]
[Black "Sandklef, A."]
[Result "1-0"]
[WhiteElo "2152"]
[BlackElo "2009"]
[PlyCount "151"]
[EventDate "2010.??.??"]
[WhiteTeam "USV TU Dresden"]
[BlackTeam "Schweden 3"]

1. e4 e6 2. d4 d5 3. Nc3 Bb4 4. e5 c5 5. Bd2 cxd4 6. Nb5 Bf8 7. Nf3 Nc6 8.
Nbxd4 Nge7 9. Bd3 Bd7 10. Nxc6 Nxc6 11. c3 Qc7 12. Qe2 Be7 13. O-O O-O 14. Rfe1
Rae8 15. Rac1 Qd8 16. c4 Nb4 17. Bb1 dxc4 18. Qxc4 Nd5 19. Qe4 g6 20. Bh6 f5
21. exf6 Rxf6 22. Ne5 Bc8 23. Qg4 Bf8 24. Bg5 Bg7 25. Qh4 Qb6 26. Nc4 Qb4 27.
Bxf6 Bxf6 28. Qg3 Rd8 29. a3 Qe7 30. b4 Bg5 31. Rcd1 Bf4 32. Qf3 Rf8 33. g3 Be3
34. Rxe3 Rxf3 35. Rxf3 Bd7 36. Ne5 Ba4 37. Re1 Qg5 38. Nc4 Qg4 39. Be4 Qg5 40.
h4 Qd8 41. Ne3 Bc6 42. Rd1 Ba4 43. Rd4 Qb6 44. Rc4 Bc6 45. Ng4 Qb5 46. Bxd5
exd5 47. Rcf4 Be8 48. Nf6+ Kg7 49. Nxe8+ Qxe8 50. Rd4 Qe1+ 51. Kg2 Qe5 52. Rfd3
h5 53. Rxd5 Qe4+ 54. Kh2 Qe1 55. Rd2 Qa1 56. R5d3 a6 57. Rd7+ Kf6 58. Rxb7 Qxa3
59. Rb6+ Ke5 60. Rxg6 Qxb4 61. Re2+ Kd4 62. Rxa6 Kd3 63. Rae6 Qf8 64. R2e3+ Kd4
65. Kg1 Qa8 66. R6e4+ Kd5 67. Re5+ Kd4 68. Rxh5 Qa1+ 69. Kg2 Qa8+ 70. Rf3 Qe4
71. Rhf5 Qb7 72. h5 Qg7 73. R5f4+ Ke5 74. Rf5+ Ke4 75. R3f4+ Kd3 76. g4 1-0

[Event "?"]
[Site "?"]
[Date "????.??.??"]
[Round "?"]
[White "Taksrud, V."]
[Black "Walter, G."]
[Result "1/2-1/2"]
[WhiteElo "2109"]
[BlackElo "2281"]
[PlyCount "139"]
[EventDate "2010.??.??"]
[WhiteTeam "Norwegen 2"]
[BlackTeam "Brandenburg"]

1. Nc3 d5 2. e4 dxe4 3. Nxe4 Bf5 4. Ng3 Bg6 5. d4 e6 6. Nf3 Nd7 7. h4 h6 8. h5
Bh7 9. Bd3 Bxd3 10. Qxd3 Ngf6 11. Bd2 c5 12. O-O-O Qc7 13. Ne5 Nxe5 14. dxe5 c4
15. Qe2 Nd5 16. c3 b5 17. Rh4 O-O-O 18. Rg4 Rg8 19. Bxh6 Nxc3 20. Rxd8+ Qxd8
21. Qf3 Nxa2+ 22. Kb1 Nb4 23. Qa8+ Kc7 24. Qxa7+ Kc6 25. Rd4 Qc8 26. Be3 Nd5
27. Ne4 Qb7 28. Qxb7+ Kxb7 29. Bg5 Kc6 30. g4 Bc5 31. Rd1 Ra8 32. Rh1 Bd4 33.
f4 b4 34. Rd1 Be3 35. Nd6 c3 36. Ne4 cxb2 37. Kxb2 Bxf4 38. Bxf4 Nxf4 39. Rf1
Nd3+ 40. Kb3 Nxe5 41. g5 Kd5 42. Nd2 Ra3+ 43. Kxb4 Rg3 44. Rd1 Rd3 45. h6 gxh6
46. gxh6 Ng6 47. h7 e5 48. Rg1 Rh3 49. Nf3 Rxh7 50. Rd1+ Kc6 51. Rc1+ Kd6 52.
Rd1+ Ke7 53. Kc4 Rh3 54. Ng5 Ra3 55. Kd5 f5 56. Ne6 Kf6 57. Nc5 Nf4+ 58. Kd6
Ng6 59. Nd7+ Kg5 60. Rg1+ Kf4 61. Nc5 Rg3 62. Rf1+ Kg4 63. Ke6 f4 64. Ne4 Rg2
65. Nf6+ Kh3 66. Kf5 Kh2 67. Ng4+ Kg3 68. Nxe5 Nxe5 69. Rxf4 Re2 70. Re4
1/2-1/2

[Event "?"]
[Site "?"]
[Date "????.??.??"]
[Round "?"]
[White "Tröger, R."]
[Black "Steedman, J."]
[Result "1/2-1/2"]
[WhiteElo "2159"]
[BlackElo "2141"]
[PlyCount "114"]
[EventDate "2010.??.??"]
[WhiteTeam "Brandenburg"]
[BlackTeam "Norwegen 2"]

1. Nf3 Nf6 2. g3 d5 3. Bg2 Bg4 4. h3 Bh5 5. d3 e6 6. Nbd2 Be7 7. O-O O-O 8. e4
c5 9. Qe2 Nc6 10. g4 Bg6 11. Nh4 Nd4 12. Qd1 dxe4 13. dxe4 Bxe4 14. Nxe4 Nxe4
15. Bxe4 Bxh4 16. Bxb7 Rb8 17. Bg2 e5 18. c3 Ne6 19. Qe2 Bg5 20. b3 Bxc1 21.
Raxc1 Nf4 22. Qe4 Qa5 23. Rc2 f6 24. Rd1 Rfd8 25. Qc4+ Kh8 26. Rcd2 h5 27. gxh5
Rxd2 28. Rxd2 Rd8 29. Rxd8+ Qxd8 30. Qxc5 Qd1+ 31. Kh2 Qxh5 32. Qf8+ Kh7 33.
Qc8 f5 34. Qd8 e4 35. Bf1 Ng6 36. Qd2 Nh4 37. Qf4 g5 38. Qc7+ Kh6 39. Qd8 Ng6
40. Qd2 Nh4 41. Be2 Qg6 42. c4 Qc6 43. Qd8 Ng6 44. Qd5 Qc7+ 45. Kg1 Nf4 46.
Qxf5 Nxe2+ 47. Kf1 Nf4 48. Qxe4 Qd7 49. Ke1 Qxh3 50. Qc6+ Ng6 51. Kd2 Qf5 52.
Ke3 Qf4+ 53. Ke2 Qg4+ 54. Kd3 Qf5+ 55. Ke3 Qf4+ 56. Ke2 Qg4+ 57. Ke1 Qg1+
1/2-1/2

[Event "?"]
[Site "?"]
[Date "????.??.??"]
[Round "?"]
[White "Strand, O."]
[Black "Skorna, U."]
[Result "0-1"]
[WhiteElo "1965"]
[BlackElo "2101"]
[PlyCount "153"]
[EventDate "2010.??.??"]
[WhiteTeam "Norwegen 2"]
[BlackTeam "Brandenburg"]

1. d4 e6 2. g3 Nf6 3. Bg2 c5 4. c3 d5 5. Nf3 Be7 6. Nbd2 Nbd7 7. O-O b6 8. Rb1
Bb7 9. Re1 O-O 10. b4 Qc7 11. a4 Rfe8 12. Qb3 cxb4 13. cxb4 Rac8 14. b5 Qc2 15.
Ba3 Qxb3 16. Rxb3 Bxa3 17. Rxa3 Rc2 18. a5 Ne4 19. Nxe4 dxe4 20. Ng5 f5 21.
axb6 axb6 22. Ra7 Bc8 23. f3 h6 24. Nh3 Nf6 25. fxe4 fxe4 26. Nf2 e3 27. Ne4
Rd8 28. Nxf6+ gxf6 29. Ra3 Rxd4 30. Rxe3 Bd7 31. Ra1 e5 32. Ra6 Rd6 33. Rd3
Rxd3 34. exd3 Bxb5 35. Rxb6 Bxd3 36. Rxf6 Kg7 37. Re6 Rc5 38. Kf2 Bf5 39. Rd6
Rc2+ 40. Kg1 e4 41. Rd1 Kf6 42. Re1 Ke5 43. Kf1 Rd2 44. Re2 Rd3 45. Kf2 Kd4 46.
Ra2 e3+ 47. Ke2 Be6 48. Rc2 Bc4 49. Ke1 Bb3 50. Rc1 Rd2 51. Bf3 Rxh2 52. Rc6
Rh3 53. Be2 Rh1+ 54. Bf1 e2 55. Kxe2 Bc4+ 56. Rxc4+ Kxc4 57. Kf2+ Kd4 58. Kg2
Rh5 59. Be2 Ra5 60. Kh3 Ke3 61. Bd1 Ra1 62. Bb3 Ra3 63. Be6 Kd2 64. Kh4 Rc3 65.
Kh5 Ra3 66. Bc8 Rc3 67. Bd7 Rd3 68. Bc8 Rd6 69. Bb7 Ke3 70. Bg2 Rd2 71. Bb7
Rh2+ 72. Kg4 Rb2 73. Bc8 Rb5 74. Bd7 Rg5+ 75. Kh4 Kf3 76. Kh3 Re5 77. Bc6+ 0-1

[Event "?"]
[Site "?"]
[Date "????.??.??"]
[Round "?"]
[White "Bernhöft, E."]
[Black "Birkestrand, O."]
[Result "1-0"]
[WhiteElo "2024"]
[BlackElo "1915"]
[PlyCount "95"]
[EventDate "2010.??.??"]
[WhiteTeam "Brandenburg"]
[BlackTeam "Norwegen 2"]

1. g3 Nf6 2. c4 c6 3. Bg2 d5 4. cxd5 cxd5 5. Nf3 Nc6 6. d3 e5 7. O-O Be7 8. b3
O-O 9. Bb2 Bd6 10. Nbd2 Bd7 11. Rc1 Re8 12. e4 d4 13. Nc4 Bc7 14. Ba3 Rc8 15.
Bd6 b5 16. Bxc7 Rxc7 17. Nd6 Re7 18. Nxb5 Rb7 19. Nd6 Rb8 20. Nc4 h6 21. Qd2
Bg4 22. h3 Bxf3 23. Bxf3 Qd7 24. Kh2 Kh7 25. Bd1 g5 26. f4 exf4 27. gxf4 g4 28.
e5 g3+ 29. Kg2 Nd5 30. Bf3 Ne3+ 31. Nxe3 dxe3 32. Qxe3 Nd4 33. Qe4+ f5 34. Qd5
Qxd5 35. Bxd5 Rd8 36. Bf3 Rg7 37. Rc4 Kh8 38. Bd1 Kh7 39. Re1 Ne6 40. Bc2 Nd4
41. Re3 h5 42. Rxg3 Rxg3+ 43. Kxg3 Nxc2 44. Rxc2 Rxd3+ 45. Kh4 Kg8 46. Kxh5
Rxh3+ 47. Kg6 Kf8 48. Rc7 1-0

[Event "?"]
[Site "?"]
[Date "????.??.??"]
[Round "?"]
[White "Ulker, A."]
[Black "Hollstein, J."]
[Result "1/2-1/2"]
[WhiteElo "2140"]
[BlackElo "2020"]
[PlyCount "54"]
[EventDate "2010.??.??"]
[WhiteTeam "Türkei"]
[BlackTeam "Stiftg BSW/DBAG 2"]
[WhiteTeamCountry "TUR"]

1. e4 c6 2. d4 d5 3. Nc3 dxe4 4. Nxe4 Nf6 5. Nxf6+ exf6 6. Bc4 Bd6 7. Ne2 O-O
8. Be3 Re8 9. Qd2 Bf5 10. O-O Nd7 11. Bb3 Qc7 12. h3 a5 13. a3 Be6 14. c4 Rad8
15. Rac1 Bf5 16. Rfd1 Nc5 17. Bc2 Bxc2 18. Qxc2 Ne4 19. c5 Bf8 20. Bf4 Qe7 21.
Nc3 g5 22. Re1 f5 23. Bd6 Qf6 24. Be5 Qg6 25. f3 Nf6 26. Rcd1 Nd5 27. Nxd5 Rxd5
1/2-1/2

[Event "?"]
[Site "?"]
[Date "????.??.??"]
[Round "?"]
[White "Koksch, G."]
[Black "Ozbilen, H."]
[Result "0-1"]
[WhiteElo "2104"]
[BlackElo "2109"]
[PlyCount "84"]
[EventDate "2010.??.??"]
[WhiteTeam "Stiftg BSW/DBAG 2"]
[BlackTeam "Türkei"]
[BlackTeamCountry "TUR"]

1. d4 d5 2. Nc3 e6 3. e4 Bb4 4. Qd3 dxe4 5. Qxe4 Nf6 6. Qh4 Nc6 7. Nf3 Be7 8.
Bg5 Nb4 9. O-O-O Nbd5 10. Nxd5 Nxd5 11. Bxe7 Qxe7 12. Qxe7+ Kxe7 13. c4 Nf6 14.
Bd3 Rd8 15. Bc2 b6 16. Ne5 Bb7 17. f3 Nh5 18. Rhe1 f6 19. Ng4 Kf7 20. Bb3 Nf4
21. Ne3 c5 22. d5 exd5 23. cxd5 b5 24. d6+ c4 25. Bc2 Bc8 26. g3 Ng6 27. f4 Rb8
28. Rd4 Nf8 29. f5 Rb6 30. Red1 Nd7 31. Ng4 Bb7 32. Ne3 Ne5 33. d7 Ke7 34. Be4
Rxd7 35. Rxd7+ Nxd7 36. Nd5+ Bxd5 37. Bxd5 Ne5 38. Be6 Ra6 39. a3 Rd6 40. Rxd6
Kxd6 41. Bg8 h6 42. Kd2 Nf3+ 0-1

[Event "?"]
[Site "?"]
[Date "????.??.??"]
[Round "?"]
[White "Muratoglu, S."]
[Black "Neubert, G."]
[Result "1-0"]
[WhiteElo "2083"]
[BlackElo "1997"]
[PlyCount "31"]
[EventDate "2010.??.??"]
[WhiteTeam "Türkei"]
[BlackTeam "Stiftg BSW/DBAG 2"]
[WhiteTeamCountry "TUR"]

1. d4 e6 2. c4 f5 3. Nc3 Nf6 4. Nf3 c6 5. Bg5 d5 6. e3 Be7 7. Ne5 O-O 8. Bd3
Ne4 9. Bxe7 Qxe7 10. O-O Nd7 11. f4 Nxe5 12. fxe5 Bd7 13. Qe2 Rac8 14. Rad1
Rfd8 15. c5 Kh8 16. Na4 1-0

[Event "?"]
[Site "?"]
[Date "????.??.??"]
[Round "?"]
[White "Palmo, P."]
[Black "Krieger, H."]
[Result "0-1"]
[WhiteElo "2080"]
[BlackElo "2257"]
[PlyCount "226"]
[EventDate "2010.??.??"]
[WhiteTeam "Turku"]
[BlackTeam "Pfalz"]

1. e4 c5 2. Nf3 Nc6 3. d4 cxd4 4. Nxd4 g6 5. c4 Nf6 6. Nc3 d6 7. Be2 Nxd4 8.
Qxd4 Bg7 9. Be3 O-O 10. Qd2 Qa5 11. O-O Be6 12. Rac1 Rfc8 13. b3 a6 14. f3 b5
15. Nd5 Qxd2 16. Bxd2 Nxd5 17. cxd5 Bd4+ 18. Kh1 Bd7 19. Rxc8+ Rxc8 20. Rc1
Rxc1+ 21. Bxc1 f5 22. Bg5 Kf7 23. h3 fxe4 24. fxe4 a5 25. g4 a4 26. Kg2 a3 27.
Kf3 e6 28. Bd3 Bc5 29. Be2 Kg7 30. Bd3 h6 31. Bh4 g5 32. Bg3 Kf6 33. Be2 Be8
34. dxe6 Kxe6 35. Bd3 Bc6 36. Bc2 Bd4 37. Be1 Bb2 38. Bg3 Bc3 39. Ke3 Be5 40.
Be1 Bf4+ 41. Kd4 Be5+ 42. Ke3 Bb2 43. Bg3 Bc3 44. Bh2 Be5 45. Bg1 d5 46. Kf3 d4
47. Bf2 Kd6 48. Be1 Kc5 49. Ke2 Bd7 50. Kd3 b4 51. Ke2 Be6 52. Bd1 h5 53. Kd3
hxg4 54. hxg4 Bd7 55. Bd2 Bb5+ 56. Kc2 Bf6 57. Kc1 Be7 58. Bf3 Bd3 59. e5 Bh7
60. Bb7 Bg8 61. Be4 Be6 62. Bf3 Bd7 63. Kc2 Bc8 64. Kc1 Ba6 65. Be4 Be2 66. Bf5
Kd5 67. e6 Ke5 68. Be1 Kd5 69. Kd2 Ba6 70. Bd3 Bc8 71. Bg3 Bc5 72. Ke2 Be7 73.
Bc4+ Kc5 74. Be5 Bb7 75. Kd3 Bf3 76. Bxd4+ Kd6 77. Ba7 Bxg4 78. Bb8+ Kc6 79.
Ke4 Bd1 80. Kd3 Bh5 81. Kd2 Bg6 82. Bg3 Bf6 83. Bd3 Bxd3 84. Kxd3 Kd5 85. Be1
Be7 86. Bg3 Kxe6 87. Ke4 Bf6 88. Be1 Bc3 89. Bg3 Bd2 90. Be5 g4 91. Bg3 Kf6 92.
Bh4+ Kg6 93. Bg3 Kg5 94. Ke5 Bc3+ 95. Ke4 Bf6 96. Bd6 Bc3 97. Bg3 Bd2 98. Ke5
Kg6 99. Ke4 Kf6 100. Be5+ Ke6 101. Bg3 Bg5 102. Be1 Be7 103. Kd4 Bd6 104. Kc4
Kf5 105. Kd5 Be7 106. Bg3 Bg5 107. Be1 Be7 108. Bg3 Bf8 109. Be5 Bh6 110. Bd6
Be3 111. Bxb4 g3 112. Bd6 g2 113. Bh2 Kg4 0-1

[Event "?"]
[Site "?"]
[Date "????.??.??"]
[Round "?"]
[White "Kelchner, H."]
[Black "Alkkiomaki, J."]
[Result "1/2-1/2"]
[WhiteElo "2193"]
[BlackElo "2041"]
[PlyCount "109"]
[EventDate "2010.??.??"]
[WhiteTeam "Pfalz"]
[BlackTeam "Turku"]

1. d4 d5 2. Bf4 Nf6 3. e3 Bf5 4. c4 e6 5. Qb3 Qc8 6. Nc3 c6 7. Rc1 Ne4 8. Nxe4
Bxe4 9. f3 Bf5 10. g4 Bg6 11. cxd5 exd5 12. Qxd5 Bb4+ 13. Kf2 O-O 14. Qc4 Be7
15. h4 h6 16. Bd3 Bxd3 17. Qxd3 Qd8 18. g5 h5 19. Ne2 Nd7 20. Ng3 g6 21. Rhd1
Qa5 22. a3 Rad8 23. Qb3 Nb6 24. Bc7 Rd7 25. Bxb6 axb6 26. Rd3 Rfd8 27. Rcd1 Rd5
28. Qc4 b5 29. Qc2 Qc7 30. b4 Bd6 31. Ne4 Bxb4 32. Nf6+ Kh8 33. Kg2 Be7 34.
Nxd5 Rxd5 35. e4 Rd8 36. Qf2 Ra8 37. d5 cxd5 38. exd5 Bd6 39. Qb2+ Kg8 40. Qxb5
Qe7 41. Qb2 Re8 42. Qd4 Qe2+ 43. Qf2 Qe5 44. f4 Qf5 45. Re3 Rc8 46. Rd2 Rc1 47.
Re8+ Kh7 48. Qf3 Bc5 49. d6 Rg1+ 50. Kh2 Rg4 51. d7 Rxh4+ 52. Kg2 Rg4+ 53. Kh2
Rh4+ 54. Kg2 Rg4+ 55. Kh2 1/2-1/2

[Event "?"]
[Site "?"]
[Date "????.??.??"]
[Round "?"]
[White "Lehtosaari, K."]
[Black "Keller, L."]
[Result "1-0"]
[WhiteElo "2029"]
[BlackElo "2086"]
[PlyCount "91"]
[EventDate "2010.??.??"]
[WhiteTeam "Turku"]
[BlackTeam "Pfalz"]

1. d4 c5 2. c3 d5 3. Nf3 Nc6 4. Bf4 e6 5. e3 Nf6 6. Bd3 Bd6 7. Bg5 h6 8. Bh4
Qb6 9. b3 c4 10. Bc2 Bd7 11. O-O cxb3 12. axb3 Ne7 13. c4 Bb4 14. Ne5 dxc4 15.
bxc4 Nc6 16. c5 Qc7 17. Nc4 b6 18. Bg3 Qd8 19. cxb6 a5 20. Nba3 Nb8 21. Bc7 Qc8
22. Ba4 O-O 23. Nb5 Ne8 24. Ncd6 Nxd6 25. Nxd6 Qa6 26. Qc2 Bxd6 27. Bxd6 Rc8
28. Bc7 Qb7 29. Rfc1 Ra6 30. Bxd7 Nxd7 31. Qc6 Qxc6 32. Rxc6 Re8 33. Rd6 Nb8
34. Kf1 Kf8 35. b7 Ra7 36. Rb6 Ke7 37. Rc1 a4 38. Bd6+ Kf6 39. Rc8 Rxb7 40.
Rxb7 Rxc8 41. Bxb8 a3 42. Be5+ Kf5 43. Ra7 Rc1+ 44. Ke2 Rc2+ 45. Kd3 Rxf2 46.
Rxf7+ 1-0

[Event "?"]
[Site "?"]
[Date "????.??.??"]
[Round "?"]
[White "Betz, E."]
[Black "Ranki, M."]
[Result "1/2-1/2"]
[WhiteElo "2011"]
[BlackElo "1927"]
[PlyCount "126"]
[EventDate "2010.??.??"]
[WhiteTeam "Pfalz"]
[BlackTeam "Turku"]

1. e4 e5 2. Nf3 Nc6 3. d4 exd4 4. Nxd4 d6 5. Nxc6 bxc6 6. Bd3 Nf6 7. O-O Be7 8.
h3 O-O 9. c4 Nd7 10. Nc3 Bf6 11. Qc2 Ne5 12. Be2 a5 13. Be3 Qe7 14. Rad1 Bb7
15. f4 Nd7 16. Bf3 g6 17. b3 Bg7 18. Qd2 Rfe8 19. Rfe1 Nb6 20. Bd4 Bh6 21. g3
Rad8 22. Qe2 Bc8 23. Kh2 c5 24. Bf2 Bg7 25. Qc2 Bb7 26. Kg2 Qf6 27. Nd5 Nxd5
28. exd5 Bc8 29. Qd2 Qc3 30. Qxc3 Bxc3 31. Rxe8+ Rxe8 32. g4 f6 33. Rd3 Bb4 34.
Re3 Bd7 35. Rxe8+ Bxe8 36. Be3 Kf7 37. Kf2 Bd7 38. Ke2 h5 39. Bc1 Ke7 40. Bb2
a4 41. bxa4 hxg4 42. hxg4 Bxa4 43. Kd3 Be1 44. Bc3 Bg3 45. Ke3 Bc2 46. Be4 Bd1
47. Bxg6 Bxg4 48. Bc2 Bc8 49. Ba4 f5 50. Bb5 Bd7 51. a4 Bxb5 52. cxb5 Kd7 53.
a5 Kc8 54. Bd2 Bh4 55. Kd3 Kb7 56. a6+ Ka7 57. Ba5 Bd8 58. Bc3 Bh4 59. Ke2 Bg3
60. Bd2 Kb8 61. Kf3 Bh4 62. Bc3 Ka7 63. Ba5 Bd8 1/2-1/2

[Event "?"]
[Site "?"]
[Date "????.??.??"]
[Round "?"]
[White "Seyffer, G."]
[Black "Stuerzenbaum, A."]
[Result "1/2-1/2"]
[WhiteElo "2048"]
[BlackElo "2192"]
[PlyCount "22"]
[EventDate "2010.??.??"]
[WhiteTeam "Stiftg BSW/DBAG 3"]
[BlackTeam "Wien 2"]

1. d4 Nf6 2. Nf3 e6 3. c4 Be7 4. Nc3 d6 5. e4 O-O 6. Be2 Nbd7 7. O-O e5 8. Bg5
h6 9. Bh4 g5 10. dxe5 dxe5 11. Bg3 Nh5 1/2-1/2